Statistiche per In quale anno? - Quiz n°2

Clicka qui per fare il quiz!

Statistiche generali

  • Questo quiz è stato fatto 9 volte
  • Il punteggio medio è 4 su 8

Statistiche sulle risposte

DomandaRisposta% Corretto
Dopo la battaglia di San Jacinto nasce la Repubblica del Texas.1836
86%
Sigmund Freud pubblica L'interpretazione dei sogni.1900
86%
A Landsberg am Lech Hitler lascia il carcere per buona condotta.1924
71%
Enrico IV di Borbone viene incoronato re di Francia, dopo l'assassinio di Enrico III di Francia.1589
57%
Stati Uniti: la CBS trasmette l'episodio conclusivo di Dallas dopo quattordici stagioni.1991
43%
Bonifacio IV consacra il Pantheon di Roma che da Tempio degli dei è convertito in Chiesa Cattolica609
29%
Nascita Galileo Galilei1564
14%
Il parlamento del Regno Unito approva la creazione dell'Unione Sudafricana.1910
14%

Distribuzione punteggi

Percentile per numero di risposta

Percentuale di utenti per punteggio

I tuoi punteggi nel tempo

Non hai fatto questo quiz